Guessing Game Quiz Stats

 Plays Quiz not verified by Sporcle

Score 0/7 Timer 04:00
0 Plays Today
Hint Answer % Correct
????
100%
????
100%
????
65%
????
65%
????
40%
????
40%
????
35%

You're not logged in!

Compare scores with friends on all Sporcle quizzes.
OR
Log In

Show Comments

Extras

Created Feb 17, 2012ReportNominate
Tags:Guessing Game

Top Quizzes Today


Score Distribution

Your Account Isn't Verified!

In order to create a playlist on Sporcle, you need to verify the email address you used during registration. Go to your Sporcle Settings to finish the process.

Report this User

Report this user for behavior that violates our Community Guidelines.

Details: